00461nam a2200181Ia 450000500170000000800410001702000100005804000190006804100120008708200160009910000240011524500480013926000430018730000100023065000130024065100160025385000100026920230316095421.0131103s9999 xx 000 0 und d cRs.60 aLoreto College aEnglish a891.44bMAN aMandal, Sujay Kumar aLokosamskritir tribalaycSujay Kumar Mandal aCalcuttabSetubandhan Prakashanac1999 a132p  aFolklore aFolkculture aLCLIB